000 00697nam a2200193Ia 4500
003 GCL
008 140319s9999 xx 000 0 ara d
040 _aGCL /
_cGCL
082 0 4 _a020.3
_bش ق
100 1 _aشعبان عبدالعزيز خليفة
245 1 0 _aقاموس البنهاوى الموسوعى فى مصطلحات المكتبات والمعلومات /
_cشعبان عبدالعزيز خليفة
260 _aالقاهرة :
_bالعربى للنشر والتوزيع ،
_c1991
300 _a469 ص ؛
_c25 سم
490 _a
650 0 4 _aالمكتبات، علم
650 0 4 _aالمعلومات، علم
650 0 4 _aالمكتبات - معاجم
942 _2ddc
_cBK
999 _c53030
_d53030